000 00336 a2200157 4500
001 61510
020 _a9788508150212
040 _cAnchieta - Pituba
100 _aSousa, Cruz e
240 1 0 _aAntologia poética
_lpor
245 1 0 _aAntologia poética
300 _a221
362 0 _a2012
650 4 _aPoesia brasileira
942 _cBK
999 _c61510
_d61510